00455nam a2200145Ia 4500008004100000022001400041245003300055260002100088856004300109942000800152942000900160952008200169999001700251945004100268240731s9999 xx 000 0 und d a1941-837X 0aJournal of Medical Economics bTaylor & Francis uhttps://www.tandfonline.com/loi/ijme20 2ddc cTFEJ 001040708TFEJaUCSCbDLcTFEJd2024-07-31l0r2024-07-31w2024-07-31yTFEJ c77948d77948 a1bMadushi Gamagec1dMadushi Gamage